000 00679nam a2200301Ia 4500
005 20260401122442.0
008 008 250103s9999 xx 000 0 eng d
020 _a9788125045533
037 _aTB
040 _aEDL
040 _beng
040 _cEDL
041 _2eng
041 _aeng
084 _a891.43VAN
084 _qEDL
100 _aVanita, Ruth
_9850265
245 0 _aGender sex and the city : Urdu rekhti poetry,1780-1870
245 0 _cVanita, Ruth
260 _aNew Delhi
260 _bOrient Blackswan
260 _c2012
300 _a322p
942 _cTB
942 _h891.43VAN
999 _c1847373
_d1847373